| 000 | 00970nam a22003017a 4500 | ||
|---|---|---|---|
| 999 |
_c200451646 _d69858 |
||
| 001 | 200451646 | ||
| 003 | TR-AnTOB | ||
| 005 | 20230126135722.0 | ||
| 007 | ta | ||
| 008 | 230126s2020 tu a|||j |||| 00| j tur d | ||
| 020 | _a9789752125469 | ||
| 040 |
_aTR-AnTOB _beng _erda _cTR-AnTOB |
||
| 041 | 0 | _atur | |
| 092 |
_a370.114 _bAYIa 2020 |
||
| 100 | 1 |
_aAyık, Şeyma _eauthor _9140372 |
|
| 245 | 1 | 0 |
_aAliş'in öfkesi : _böfke kontrolü / _cŞeyma Ayık ; Resimleyen: Merve Topal. |
| 250 | _a2. baskı | ||
| 264 |
_aİstanbul : _bAltın Kitaplar Yayınevi, _c2020. |
||
| 300 |
_a24 pages : _billustrations ; _c23 cm. |
||
| 336 |
_2rdacontent _atext _btxt |
||
| 337 |
_2rdamedia _aunmediated _bn |
||
| 338 |
_2rdacarrier _avolume _bnc |
||
| 653 |
_aÇocuk edebiyatı _aÇocuk hikayeleri _aÖfke kontrolü _aArkadaşlık _aPaylaşmak |
||
| 700 | 1 |
_aTopal, Merve _eillustrator _d1989- _9140373 |
|
| 942 |
_2ddc _cBK |
||